000 00567nam a2200181 i 4500
001 26083
003 ES-MaACL
005 20230906153401.0
007 t|
008 030107s1967 sp ||||1| spa d
100 1 _aAresti, Gabriel.
_922645
245 1 3 _aLa piedra vasca /
_cGabriel Aresti ; grabados de Agustín Ibarrola.
260 _aBilbao :
_b[s.n.,
_c1967] (
_fGráf. Ellacuria)
300 _a175 p., 10 lám. ;
_c22 cm.
500 _aEdición bilingüe en vasco y castellano.
700 1 _aIbarrola, Agustín.
_964972
852 _aES-MaACL
_jC-32733
_bR.63756
999 _c26083
_d26083